| 000 | 004260000a22001570004500 | ||
|---|---|---|---|
| 003 | MACL | ||
| 005 | 20170803120715.0 | ||
| 008 | 170803b xxu||||| |||| 00| 0 eng d | ||
| 040 | _cmacl | ||
| 100 |
_aभटट,रवि _968492 |
||
| 245 | _aफुरसत | ||
| 260 |
_bशिल्पायन _c1999 _a१९९५ |
||
| 350 | _a125 | ||
| 650 |
_aव्यंग्य _968493 |
||
| 942 |
_cHIN _k891.437/BHA _2ddc |
||
| 999 |
_c11537 _d11537 |
||